Les pays frontalier - Statistiques

Statistiques générales
  • Ce quiz a été pris 81 fois
  • Le résultat moyen est 4 sur 5
Statistiques - réponses
Question Réponse % Correct
Le Maroc et le Canada ont ils une frontière entre eux ? Faux
88%
La Russie et la Géorgie ont ils une frontière entre eux ? Vrai
88%
L'Indonésie et le Singapour ont ils une frontière entre eux ? Faux
71%
La Suisse et le Liechtenstein ont ils une frontière entre eux ? Vrai
71%
Le Danemark et la Suède ont ils une frontière entre eux ? Faux
59%
Aucun quiz correspondant
Distribution des résultats
% des personnes avec chaque résultat
Percentile par nombre de réponses
Votre historique - résultats
Vous n’avez pas pris ce quiz